| 000 | 00433nam a22001457a 4500 | ||
|---|---|---|---|
| 003 | OSt | ||
| 082 | _a631.587 | ||
| 088 | _a587 | ||
| 100 |
_aMAMATHA PRABHAKAR _95507 |
||
| 245 | _aSWAT-MODFLOW INTEGRATED MODELLING APPROACH FOR SURFACE WATER-GROUNDWATER INTERACTION -A CASE STUDY | ||
| 260 |
_aTAVANUR _bDepartment of Irrigation and Drainage Engineering _c2023 |
||
| 300 | _a161+XXXIV | ||
| 700 |
_aSASIKALA.D _94696 |
||
| 942 | _cTH | ||
| 999 |
_c17726 _d17726 |
||